000 01032nam a2200205 i 4500
001 47232
003 ES-MaACL
005 20230906161526.0
007 t|
008 190514s1847 sp ||||1|dspa d
110 2 _aCompañía de la Unión Ferro-Carbón (Madrid)
_9167020
245 1 0 _aCompañía de la Unión Ferro-Carbón, emprresa (sic) de fundición por medio de altos hornos, domiciliada en Madrid ...
260 _a[S.l.] :
_b[s.n.],
_c1847 (
_eMadrid :
_fImp. de José C. de la Peña)
300 _a79 p., 1 h. de lám. pleg. ;
_c19 cm.
530 _aDisponible en formato digital.
610 2 4 _aCompañía de la Unión Ferro-Carbón (Madrid)
_9167020
650 4 _aMinas de carbón-
_zCórdoba (Provincia)
_9167021
852 _aES-MaACL
_jB-8924(31)
_z.- Legado de Federico de Botella y de Hornos
_z.- Encuadernado en un vol. facticio agrupado con el nombre en el lomo: España, geología, memorias y documentos varios 1 a 8
856 _uhttp://bdh-rd.bne.es/viewer.vm?id=0000072982&page=1
_zBiblioteca Digital Hispánica
999 _c47232
_d47232